[Event "Sligo Spring op"]
[Site "Sligo"]
[Date "2022.05.01"]
[Round "5"]
[White "Anand Kumar, S."]
[Black "O'Cuilleanain, Oisin"]
[Result "1/2-1/2"]
[WhiteElo "1926"]
[BlackElo "1868"]
[PlyCount "95"]
[EventDate "2022.04.29"]
[EventType "swiss"]
[EventRounds "5"]
[EventCountry "IRL"]
[SourceTitle "CBM 208 Extra"]
[Source "ChessBase"]
[SourceDate "2022.07.31"]
[SourceVersion "1"]
[SourceVersionDate "2022.07.31"]
[SourceQuality "1"]

1. d4 Nf6 2. c4 e6 3. Nf3 d5 4. Nc3 c5 5. e3 Nc6 6. Be2 dxc4 7. Bxc4 a6 8. 0-0 b5 9. Be2 Bb7 10. a3 cxd4 11. exd4 Be7 12. Bg5 0-0 13. Qd3 Rc8 14. Rfd1 Na5 15. Ne5 Nd5 16. Bxe7 Qxe7 17. Nxd5 Bxd5 18. Bf3 Qb7 19. Rac1 Nc4 20. Bxd5 Qxd5 21. Nxc4 bxc4 22. Qc3 g6 23. h3 Rc7 24. Rd2 Rd8 25. Re1 Qb7 26. Rc1 Rb8 27. Rdc2 Qd5 28. Qd2 a5 29. Qf4 Rbc8 30. Re1 Rd7 31. Re5 Qxd4 32. Qxd4 Rxd4 33. Rxa5 Rd5 34. Ra4 Rdc5 35. Rb4 c3 36. Rxc3 Rxc3 37. bxc3 Rxc3 38. Ra4 h5 39. g3 h4 40. gxh4 Rxh3 41. Kg2 Rb3 42. Ra7 Kg7 43. a4 Rb4 44. Kg3 e5 45. a5 Rb3+ 46. Kg2 Rb4 47. Kg3 Rb3+ 48. Kg2 1/2-1/2

[Event "Salem op"]
[Site "Salem"]
[Date "2000.??.??"]
[Round "5"]
[White "Anand Kumar, S."]
[Black "Thejkumar, MS."]
[Result "0-1"]
[WhiteElo "2089"]
[BlackElo "2252"]
[PlyCount "54"]
[EventDate "2000.05.??"]
[EventType "swiss"]
[EventRounds "11"]
[EventCountry "IND"]
[SourceTitle "EXT 2001"]
[Source "ChessBase"]
[SourceDate "2000.11.22"]
[SourceVersion "1"]
[SourceVersionDate "2000.11.22"]
[SourceQuality "1"]

1. e4 c6 2. d4 d5 3. e5 Bf5 4. h4 h5 5. Bd3 Bxd3 6. Qxd3 e6 7. Nf3 Qa5+ 8. Nbd2 Qa6 9. c4 Nd7 10. Ke2 Ne7 11. b3 c5 12. Bb2 cxd4 13. Bxd4 Nc6 14. Bb2 Rd8 15. a3 Nc5 16. Qe3 dxc4 17. bxc4 b5 18. Rhc1 bxc4 19. Nxc4 Na5 20. Nfd2 Rxd2+ 21. Kxd2 Nxc4+ 22. Rxc4 Qxc4 23. Kd1 Be7 24. Rc1 Qd5+ 25. Qd4 Kd7 26. Qxd5+ exd5 27. g3 Nd3 0-1